<?xml version="1.0" encoding="UTF-8"?>
<record
    xmlns:xsi="http://www.w3.org/2001/XMLSchema-instance"
    xsi:schemaLocation="http://www.loc.gov/MARC21/slim http://www.loc.gov/standards/marcxml/schema/MARC21slim.xsd"
    xmlns="http://www.loc.gov/MARC21/slim">

  <leader>03848nam a2200565Ia 4500</leader>
  <controlfield tag="001">1577</controlfield>
  <controlfield tag="008">241029s9999    xx            000 0 und d</controlfield>
  <datafield tag="010" ind1=" " ind2=" ">
    <subfield code="a">1472</subfield>
  </datafield>
  <datafield tag="041" ind1=" " ind2=" ">
    <subfield code="a">Espa&#xF1;ol</subfield>
  </datafield>
  <datafield tag="082" ind1=" " ind2=" ">
    <subfield code="a">NO APLICA</subfield>
  </datafield>
  <datafield tag="245" ind1=" " ind2="0">
    <subfield code="a">Uso y administraci&#xF3;n de los Laboratorios de Inform&#xE1;tica de los Centros Educativos del Nivel Medio, Liceo Profesora Mar&#xED;a Batista y el Centro de Educaci&#xF3;n Integral Cigar Family, del Distrito Educativo 16-06, Bonao, en el a&#xF1;o escolar 2007-2008</subfield>
  </datafield>
  <datafield tag="260" ind1=" " ind2=" ">
    <subfield code="a">Monse&#xF1;or Nouel</subfield>
  </datafield>
  <datafield tag="300" ind1=" " ind2=" ">
    <subfield code="a">89</subfield>
  </datafield>
  <datafield tag="520" ind1=" " ind2=" ">
    <subfield code="a">7</subfield>
  </datafield>
  <datafield tag="630" ind1=" " ind2=" ">
    <subfield code="a">Administraci&#xF3;n</subfield>
  </datafield>
  <datafield tag="630" ind1=" " ind2=" ">
    <subfield code="a">Ense&#xF1;anza-Aprendizaje</subfield>
  </datafield>
  <datafield tag="630" ind1=" " ind2=" ">
    <subfield code="a">Investigaci&#xF3;n</subfield>
  </datafield>
  <datafield tag="630" ind1=" " ind2=" ">
    <subfield code="a">Nivel Medio</subfield>
  </datafield>
  <datafield tag="650" ind1=" " ind2=" ">
    <subfield code="a">Administraci&#xF3;n de la Educaci&#xF3;n</subfield>
  </datafield>
  <datafield tag="690" ind1=" " ind2=" ">
    <subfield code="a">Copiado sin cambios</subfield>
  </datafield>
  <datafield tag="700" ind1=" " ind2=" ">
    <subfield code="e">asesor</subfield>
    <subfield code="a">Garc&#xED;a, Luis</subfield>
  </datafield>
  <datafield tag="700" ind1=" " ind2=" ">
    <subfield code="e">autor</subfield>
    <subfield code="a">Hidalgo, Mar&#xED;a Eugenia</subfield>
  </datafield>
  <datafield tag="700" ind1=" " ind2=" ">
    <subfield code="e">autor</subfield>
    <subfield code="a">Hiciano Herrera, Arelis E</subfield>
  </datafield>
  <datafield tag="901" ind1=" " ind2=" ">
    <subfield code="a">{"1":"Hidalgo","2":"Hiciano Herrera"}</subfield>
    <subfield code="b">{"1":"Mar&#xED;a Eugenia","2":"Arelis E"}</subfield>
  </datafield>
  <datafield tag="902" ind1=" " ind2=" ">
    <subfield code="a">1</subfield>
  </datafield>
  <datafield tag="903" ind1=" " ind2=" ">
    <subfield code="a">{"1":"Garc&#xED;a"}</subfield>
    <subfield code="b">{"1":"Luis"}</subfield>
  </datafield>
  <datafield tag="904" ind1=" " ind2=" ">
    <subfield code="a">Maestr&#xED;a en</subfield>
  </datafield>
  <datafield tag="905" ind1=" " ind2=" ">
    <subfield code="a">Gesti&#xF3;n de Centros Educativos</subfield>
  </datafield>
  <datafield tag="906" ind1=" " ind2=" ">
    <subfield code="a">2</subfield>
  </datafield>
  <datafield tag="907" ind1=" " ind2=" ">
    <subfield code="a">NO APLICA</subfield>
  </datafield>
  <datafield tag="908" ind1=" " ind2=" ">
    <subfield code="a">NO APLICA</subfield>
  </datafield>
  <datafield tag="909" ind1=" " ind2=" ">
    <subfield code="a">Universidad Adventista Dominicana (UNAD)</subfield>
  </datafield>
  <datafield tag="910" ind1=" " ind2=" ">
    <subfield code="a">NULL</subfield>
    <subfield code="b">NULL</subfield>
  </datafield>
  <datafield tag="911" ind1=" " ind2=" ">
    <subfield code="a">["1"]</subfield>
  </datafield>
  <datafield tag="912" ind1=" " ind2=" ">
    <subfield code="a">NO APLICA</subfield>
  </datafield>
  <datafield tag="913" ind1=" " ind2=" ">
    <subfield code="a">NULL</subfield>
  </datafield>
  <datafield tag="914" ind1=" " ind2=" ">
    <subfield code="a">01 de Febrero de 2008</subfield>
  </datafield>
  <datafield tag="915" ind1=" " ind2=" ">
    <subfield code="a">16/09/14 01:09</subfield>
  </datafield>
  <datafield tag="916" ind1=" " ind2=" ">
    <subfield code="a">NULL</subfield>
  </datafield>
  <datafield tag="917" ind1=" " ind2=" ">
    <subfield code="a">NULL</subfield>
  </datafield>
  <datafield tag="918" ind1=" " ind2=" ">
    <subfield code="a">NO APLICA</subfield>
  </datafield>
  <datafield tag="919" ind1=" " ind2=" ">
    <subfield code="a">["269","89","126","240"]</subfield>
  </datafield>
  <datafield tag="520" ind1=" " ind2=" ">
    <subfield code="a">El prop&#xF3;sito principal de esta investigaci&#xF3;n es determinar el uso y administraci&#xF3;n de los laboratorios de inform&#xE1;tica, en los Centros Educativos Liceo Profesora Mar&#xED;a Batista y Centro Integral Cigar Family, del Distrito 16-06 de Bonao.Para el desarrollo del estudio se utiliz&#xF3; el cuestionario de preguntas con opciones cerradas aplicado a los directores, maestros y alumnos, dise&#xF1;adas por las sustentantes. El cuestionario para directores y maestros cuenta con un total de diez &#xED;tems y el de los estudiantes con ocho &#xED;tems los cuales responden directamente a los objetivos y preguntas de investigaci&#xF3;n. Los cuestionarios fueron validados por tres expertos en la elaboraci&#xF3;n del instrumento de investigaci&#xF3;n. Tambi&#xE9;n se aprob&#xF3; su confiabilidad por medio de la realizaci&#xF3;n del mismo nivel pero de otros centros. La cantidad de sujetos encuestados son: el total de los directores (2), 16 maestros y 127 estudiantes de ambos centros educativos. Para el estudio se utilizo la estad&#xED;stica descriptiva.Los resultados del estudio muestran que el 56.3% de los maestros encuestados aseguran que usan los laboratorios de inform&#xE1;tica en la ense&#xF1;anza de sus asignaturas. El 70.86% de los estudiantes encuestados responden que siempre el centro educativo promueve el uso de la tecnolog&#xED;a, el 100% de los directores asegura conocer la Orden departamental que rige la administraci&#xF3;n de los laboratorios de inform&#xE1;tica. Seg&#xFA;n los hallazgos del estudio se pudo comprobar que los centros educativos seleccionados hacen uso de los laboratorios de inform&#xE1;tica de forma aceptable, ya que los directores encuestados coinciden en asegurar que usan y administran los laboratorios con los fines que propone la Orden Departamental 16-06, emanada por la Secretaria de Estado de Educaci&#xF3;n.Recomendaciones: A los directores de centros educativos que hagan cumplir las reglas y normas, por lo que se deben regir los laboratorios de inform&#xE1;tica y motiven a los maestros a que se capaciten en el uso e integraci&#xF3;n de las TICs en su labor docente. A los maestros, que implementen los conocimientos tecnol&#xF3;gicos adquiridos, en el proceso de ense&#xF1;anza-aprendizaje para tener una educaci&#xF3;n de mayor calidad.</subfield>
  </datafield>
  <datafield tag="921" ind1=" " ind2=" ">
    <subfield code="a">28</subfield>
  </datafield>
  <datafield tag="922" ind1=" " ind2=" ">
    <subfield code="a">28</subfield>
  </datafield>
  <datafield tag="923" ind1=" " ind2=" ">
    <subfield code="a">0</subfield>
  </datafield>
  <datafield tag="924" ind1=" " ind2=" ">
    <subfield code="a">NO APLICA</subfield>
  </datafield>
  <datafield tag="942" ind1=" " ind2=" ">
    <subfield code="c">Tesis</subfield>
  </datafield>
  <datafield tag="999" ind1=" " ind2=" ">
    <subfield code="c">1472</subfield>
    <subfield code="d">1472</subfield>
  </datafield>
</record>
